Stochastic Petri nets : an introduction to the theory

Αποθηκεύτηκε σε:
Λεπτομέρειες βιβλιογραφικής εγγραφής
Κύριος συγγραφέας: Bause, Falko
Άλλοι συγγραφείς: Kritzinger, Pieter S.
Μορφή: Βιβλίο
Γλώσσα:English
Δημοσίευση: Wiesbaden : Vieweg, 2002
Έκδοση:2nd ed.
Σειρά:Advanced studies in computer science
Θέματα:
Ετικέτες: Προσθήκη ετικέτας
Δεν υπάρχουν, Καταχωρήστε ετικέτα πρώτοι!

MARC

LEADER 00000nam a2200000 i 4500
001 1/70126
008 080114s2002 eng d
020 |a 3-528-15535-3 
035 |l 10093597 
040 |a GR-MY-UA  |b gre  |e aacr 
041 0 |a eng 
082 0 |a 519.2  |2 (22) 
100 1 |a Bause, Falko. 
245 1 0 |a Stochastic Petri nets :  |b an introduction to the theory /  |c Falko Bause, Pieter S. Kritzinger 
250 |a 2nd ed. 
260 |a Wiesbaden :   |b Vieweg,   |c 2002 
300 |a 218 σ.;  |b σχέδια;  |c 22 εκ. 
490 1 |a Advanced studies in computer science 
504 |a Βιβλιογραφία: σ. 194-208. Ευρετήριο 
650 0 0 |a Petri nets. 
650 0 0 |a Stochastic processes. 
700 1 |a Kritzinger, Pieter S. 
830 0 |a Advanced studies in computer science 
852 |a INST  |b CHIOS  |e 20080114  |h 519.2 BAU  |p 005200027949  |q 005200027949  |t BK  |y 0 
901 |a BIBL2-2008-1 
909 |a Χ  |b 131657 
922 |a 2ΕΛΗ  |b 200712  |c ΕΠΕΑΕΚ2/ΤΜΟΔ  |d ΕΛΕΥΘΕΡΟΥΔΑΚΗΣ 
970 |a ΑΤΣΑΛΗ  |b ΔΕΣΠΟΙΝΑ  |z 2008/01/14